Destiláty objavte a spoznajte najlepšie liehoviny sveta od absintu a brandy až po vodku a whisky

Bibliographic Details
Main Authors: Harrison, Joel (Author), Ridley, Neil (Author)
Other Authors: Štefánek, Ivan (Translator)
Format: Book
Language:Slovak
English
PhysicalDescription:224 s. fareb. fotogr., ilustr. 22 cm
Published: Bratislava Slovart 2017
ISBN:9788055627816
Edition:1. slov. vyd.
Subjects:

MARC

LEADER 00000cam a2200000 ab4500
001 vtls011635783
003 SK-MaSNL
005 20260301094309.0
008 240313s2017 xo o g 001 0 slo
015 |a SNBA2017/08 
020 |a 9788055627816  |q (viaz.) 
035 |a urn:nbn:sk:snk-am00dfse 
035 |a urn:nbn:sk:snk-am3i0sl 
035 |a C1EB9332-F2F4-4349-8871-EF4B52D60D13 
040 |a SNK  |b slo  |c SNK  |e AACR2 
041 1 |a slo  |h eng 
044 |a xo  |c SK 
072 7 |a 663  |x Priemysel nápojov. Kvasný priemysel. Priemysel pochutín  |2 konspekt 
080 |a 663.551.5  |2 2011 
080 |a (0.062)  |2 2011 
100 1 |a Harrison, Joel  |4 aut  |9 427886 
240 1 0 |a Distilled  |l Slovensky 
245 1 0 |a Destiláty  |b objavte a spoznajte najlepšie liehoviny sveta od absintu a brandy až po vodku a whisky  |c Joel Harrison, Neil Ridley ; [z anglického originálu preložil Ivan Štefánek] 
250 |a 1. slov. vyd. 
260 |a Bratislava  |b Slovart  |c 2017 
300 |a 224 s.  |b fareb. fotogr., ilustr.  |c 22 cm 
504 |a Register 
650 0 7 |a pálenky  |2 SNKPH  |9 3936 
650 0 7 |a brandy  |2 SNKPHeng  |9 202618 
655 7 |a populárno-náučné publikácie  |2 SNKPH  |9 70460 
655 7 |a Popular works  |2 SNKPHeng  |9 90287 
700 1 |a Ridley, Neil  |4 aut  |9 427887 
700 1 |a Štefánek, Ivan  |4 trl  |9 329378 
852 |a Štátna vedecká knižnica v Banskej Bystrici 
919 |a 978-80-556-2781-6 
958 |a OP 
968 |b ENG 
999 |c 679849  |d 681779 
952 |a SNK  |b SNK  |y PREZ  |7 0  |p 17A1261520  |o snkSC 175327  |i snk2017/15529  |8 0  |0 0  |1 0  |4 0  |d 2017-07-03  |f 1  |l 0  |r 2025-09-17 00:00:00  |w 2026-02-23 
952 |a SNK  |b SNK  |y VYP  |7 0  |p 17A1268751  |o snkSC 175327 D1  |i snk2017/15530  |8 0  |0 0  |1 0  |4 0  |d 2017-07-03  |l 0  |r 2026-02-23 19:53:46  |w 2026-02-23